Who's the king of the beasts? (Record no. 74524)

MARC details
000 -LEADER
fixed length control field 01238cab a2200241 4500
001 - CONTROL NUMBER
control field ABS68096
008 - FIXED-LENGTH DATA ELEMENTS--GENERAL INFORMATION
fixed length control field 040903n2004 000 0 eng u
035 ## - SYSTEM CONTROL NUMBER
System control number (Sirsi) u127251
100 ## - MAIN ENTRY--PERSONAL NAME
Personal name Hewes, M.
245 ## - TITLE STATEMENT
Title Who's the king of the beasts?
260 ## - PUBLICATION, DISTRIBUTION, ETC.
Date of publication, distribution, etc. 2004
490 ## - SERIES STATEMENT
Series statement Building
Volume/sequential designation 269(8343) 30 July 2004, (Supplement) (17)
520 ## - SUMMARY, ETC.
Summary, etc. Building supplement providing the annual league table of the 100 biggest UK contracting and housebuilding firms, includingranking by turnover, pre-tax profit and operating margin. Contrasts the huge turnovers of the leading companies with the situation 10 years ago when the industry was emerging from recession and the largest companies were less efficient than those of today. There are improved margins today,aggregate pre-tax margins were 6.2% in 2003 compared with 2.9% in 1995. Recently the more benign economy has helped many housebuilders and has added stability to what was a difficult environment for many contractors in the 1990s.
590 ## - LOCAL NOTE (RLIN)
Local note ABS
650 ## - SUBJECT ADDED ENTRY--TOPICAL TERM
Topical term or geographic name entry element RANKINGS
650 ## - SUBJECT ADDED ENTRY--TOPICAL TERM
Topical term or geographic name entry element HOUSE BUILDING
650 ## - SUBJECT ADDED ENTRY--TOPICAL TERM
Topical term or geographic name entry element CONTRACTING
650 ## - SUBJECT ADDED ENTRY--TOPICAL TERM
Topical term or geographic name entry element TURNOVER
650 ## - SUBJECT ADDED ENTRY--TOPICAL TERM
Topical term or geographic name entry element PROFIT
650 ## - SUBJECT ADDED ENTRY--TOPICAL TERM
Topical term or geographic name entry element OPERATING MARGINS
690 ## - LOCAL SUBJECT ADDED ENTRY--TOPICAL TERM (OCLC, RLIN)
Topical term or geographic name as entry element BUILT ENVIRONMENT-CONSTRUCTION MARKET
942 ## - ADDED ENTRY ELEMENTS (KOHA)
Suppress in OPAC 0
Holdings
Withdrawn status Lost status Source of classification or shelving scheme Damaged status Not for loan Home library Current library Shelving location Date acquired Total Checkouts Full call number Barcode Date last seen Copy number Price effective from Koha item type
    Dewey Decimal Classification     London London Journal article 03/09/2004   ABS68096 127251-1001 06/08/2019 1 06/08/2019 Journal article